00491nam a2200157Ia 4500008004100000020001800041082001500059100003100074245006400105250000700169260004200176300002500218500001900243600002100262650005000283240925s9999 xx 000 0 und d a9789351197621 a005.11 BEE aBeer, Paula; Simmons, Carl 0aAndroid App Development for Young Adults and the Rest of us aNA aNew Delhi:bDream Teach Pressc,2015. a475p.bN.AfOriginal aIncludes Index aComputer Science aComputer science, information & general works